000 00215 a2200097 4500
001 46950
100 _aKitson F
245 _aLaw Intensity Operations
260 _aLondon
_bFaber & Faber
_c
090 _c30026
_d30026
942 _aNUST-CAE
_cM
_c22255
999 _c282023
_d282023